Statistiques concernant Culture générale - Géographie - Série 3

Cliquez ici pour prendre le quiz!

Statistiques générales

  • Ce quiz a été pris 625 fois
  • Le résultat moyen est 5 sur 10

Statistiques - réponses

QuestionRéponse% Correct
Quelle est la capitale de la Suisse ?Berne
99%
En combien de jour Jules Vernes prétend-il faire le tour du monde dans son livre ?80
87%
Lequel des pays baltes est le plus septentrional ?L’Estonie
73%
Quelle chaîne de montagne est considérée comme la frontière est du continent européen ?L’Oural
64%
Quelle île est partagée par l’Indonésie, le Brunei et la Malaisie ?Bornéo
47%
Regardez le drapeau en photo. De quel pays s’agit-il ?Honduras
45%
Quel est officiellement le plus jeune état indépendant du monde ?Le Soudan du Sud
44%
Quel est l’ancien nom du Sri Lanka, célèbre pour son thé ?Ceylan
41%
Dans quel pays dois-je me rendre si je souhaite visiter la chaussée des géant ?Irlande du Nord
25%
Le long de quel parallèle était initialement prévu la frontière entre les 2 Corées ?Le 37ème parallèle
12%

Distribution des résultats

Percentile par nombre de réponses

% des personnes avec chaque résultat

Votre développement - résultats

Vous n’avez pas pris ce quiz